000 00685nam a2200229 4500
003 OSt
005 20240708011545.0
006 a
008 240708b |||||||| |||| 00| 0 eng d
020 _a9780763735821
040 _aDWCL-HMN lib.
_cOC
082 _2Fourth edition
_aCirc. 614.4 M571i 2006
100 _aMerrill, Ray M.
245 _aIntroduction to epidemiology /
250 _aFourth edition
260 _aBoston :
_bJones & Bartlett Pub.,
_cc2006.
300 _axv,
_b352 p. : ill. ;
_c25 cm.
504 _aIncludes bibliographical references and index.
650 _a1. Epidemiology.
650 _a2. Epidemics.
942 _2ddc
_n0
_cBK-CIRC
_eFourth edition
_kCirc.
999 _c2062
_d2062